|
|
|
|
| LEADER |
00000cam a2200000 a 4500 |
| 001 |
vtls008582547 |
| 003 |
SK-MaSNL |
| 005 |
20260301021452.0 |
| 008 |
240318s2007 xr oac g h 001 1ccze |
| 020 |
|
|
|a 9788073810160
|q (viaz.)
|
| 040 |
|
|
|a SNK
|b slo
|c SNK
|e AACR2
|
| 041 |
1 |
|
|a cze
|h eng
|
| 043 |
|
|
|a e-gx---
|
| 044 |
|
|
|a xr
|c CZ
|
| 072 |
|
7 |
|a 323
|x Vnutropolitický vývoj, politický život
|2 Konspekt
|
| 080 |
|
|
|a 329.17-051
|2 2001
|
| 080 |
|
|
|a 323.285
|2 2001
|
| 080 |
|
|
|a 323.285-021.332
|2 2001
|
| 080 |
|
|
|a (430)
|2 2001
|
| 080 |
|
|
|a 323.25/.26:329.18
|2 2001
|
| 080 |
|
|
|a 329.052:328.123
|2 2001
|
| 080 |
|
|
|a (048.8)
|2 2001
|
| 100 |
1 |
|
|a Moorhouse, Roger,
|d 1968-
|4 aut
|9 310475
|
| 240 |
1 |
0 |
|a Killing Hitler
|l Česky
|
| 245 |
1 |
0 |
|a Atentáty na Hitlera
|b spiklenci, vrahové a diktátor, který unikal smrti
|c Roger Moorhouse ; přeložil Gerik Císař
|
| 250 |
|
|
|a 1. vyd. v čes. jaz.
|
| 260 |
|
|
|a Praha
|b BB/art
|c 2007
|
| 300 |
|
|
|a 366 s., [16] s. obr. príl.
|b fotogr., ilustr., portr.
|c 22 cm
|
| 500 |
|
|
|a Prel. z angl.
|
| 504 |
|
|
|a Obsahuje bibliogr., bibliogr. odkazy
|
| 600 |
1 |
7 |
|a Hitler, Adolf,
|d 1889-1945
|2 SNKMA
|9 11283
|
| 648 |
|
7 |
|a 1933-1945
|2 SNKPH
|9 310476
|
| 650 |
0 |
7 |
|a nacisti
|2 SNKPH
|9 4838
|
| 650 |
0 |
7 |
|a pokusy o atentát
|2 SNKPH
|9 88273
|
| 650 |
0 |
7 |
|a protifašistický odboj
|2 SNKPH
|9 4751
|
| 650 |
0 |
7 |
|a atentáty
|2 SNKPH
|9 4299
|
| 650 |
0 |
7 |
|a politická opozícia
|2 SNKPH
|9 4810
|
| 650 |
0 |
7 |
|a Nazis
|2 SNKPHeng
|9 287316
|
| 650 |
0 |
7 |
|a Attempted assassinations
|2 SNKPHeng
|9 310477
|
| 650 |
0 |
7 |
|a Assassinations
|2 SNKPHeng
|9 310478
|
| 650 |
0 |
7 |
|a Political opposition
|2 SNKPHeng
|9 310479
|
| 650 |
0 |
7 |
|a Anti-fascist movements
|2 SNKPHeng
|9 265181
|
| 651 |
|
7 |
|a Nemecko
|2 SNKPH
|9 21020
|
| 651 |
|
7 |
|a Germany
|2 SNKPHeng
|9 268047
|
| 655 |
|
7 |
|a monografie
|2 SNKPH
|9 70139
|
| 655 |
|
7 |
|a Monographs
|2 SNKPHeng
|9 120675
|
| 700 |
1 |
|
|a Císař, Gerik,
|d 1933-
|4 trl
|9 92953
|
| 919 |
|
|
|a 978-80-7381-016-0
|
| 999 |
|
|
|c 565401
|d 567331
|
| 952 |
|
|
|t snkMOO 323.285(430)
|a SNKUST
|b SNKUST
|y PREZ
|7 0
|p 17A0567268
|o snkIC 135799
|i snk2007/25588
|8 4
|g 11.45
|0 0
|1 0
|4 0
|d 2007-11-20
|l 0
|r 2025-05-28 00:00:00
|w 2026-02-23
|